000 00344 a2200157 4500
001 195320
020 _a978-85-64804-24-1
040 _cMagnum
100 _aMeira, Edson
240 1 0 _aFábulas para sonhar
_lpor
245 1 0 _aFábulas para sonhar
300 _a318
362 0 _a2011
697 _aLITERATURA INFANTO-JUVENIL
942 _cBK
999 _c195320
_d195320